Quick Pick: Missing Animal in Disney Titles Quiz Stats

 Plays Quiz Updated Jul 7, 2018

Challenge
Share
Tweet
Embed
Score 0/8 Timer 01:00
3 Plays Today
% Correct
Chicken
97.4%
Dalmatians
96.9%
Lion
96.6%
Bear
95.1%
Hound
94.8%
Frog
94.1%
Mouse
92.9%
Toad
89.5%

Today's Daily Dose

Word Ladder
Aquatic Life

On This Day
August 21st II

You're not logged in!

Compare scores with friends on all Sporcle quizzes.
Join for Free
OR
Log In

You Might Also Like...

Show Comments

Extras

Top Quizzes Today


Score Distribution

Your Account Isn't Verified!

In order to create a playlist on Sporcle, you need to verify the email address you used during registration. Go to your Sporcle Settings to finish the process.

Report this User

Report this user for behavior that violates our Community Guidelines.

Details: